000 00297nam a2200109Ia 4500
008 230320s9999||||xx |||||||||||||| ||spa||
082 _a868.3/S85
100 _aSuarez De Figueroa, Cristobal
245 0 _aEl Pasajero; Advertencias Utilisimas A La Vida Humana
260 _bAGUILAR
942 _80
_cLIB
999 _c35457
_d35457